[Event "GER-chT11-B1 email"]
[Site "GER email"]
[Date "2015.10.15"]
[Round "?.1"]
[White "Schirrmacher, Carsten"]
[Black "Schoen, Werner"]
[Result "0-1"]
[WhiteElo "2000"]
[BlackElo "2444"]
[PlyCount "100"]
[EventDate "2015.??.??"]
[EventType "tourn (corr)"]
[EventRounds "8"]
[EventCountry "GER"]
[SourceTitle "Corr 2017"]
[Source "ChessBase"]
[SourceDate "2017.09.19"]
[SourceVersion "1"]
[SourceVersionDate "2017.09.19"]
[SourceQuality "1"]
[WhiteTeam "SC Zitadelle Spandau IV"]
[BlackTeam "ChessBaseUserClub"]

1. e4 c5 2. Nf3 d6 3. d4 cxd4 4. Nxd4 Nf6 5. Nc3 a6 6. Be3 e5 7. Nb3 Be6 8. h3 Nbd7 9. Qf3 Rc8 10. Bd3 Be7 11. 0-0 0-0 12. a4 Ne8 13. Rfd1 Bg5 14. Be2 Bxe3 15. Qxe3 Rc6 16. a5 Nef6 17. Nc1 Qc7 18. Nd3 Rc4 19. f4 exf4 20. Nxf4 Rc6 21. Ra3 Ne5 22. Qd4 Rc8 23. Bf1 h6 24. Kh1 Qe7 25. Ra4 Re8 26. Rb4 Rd8 27. Rb6 Qc7 28. Be2 Rd7 29. Kg1 Kf8 30. Rd2 Rxb6 31. axb6 Qc5 32. Kf2 Qxd4+ 33. Rxd4 Rd8 34. Ke3 Ke7 35. Nfd5+ Bxd5 36. Nxd5+ Nxd5+ 37. exd5 Re8 38. Kd2 g6 39. g4 Nd7 40. Rc4 Rb8 41. Re4+ Kf6 42. Rb4 Re8 43. h4 g5 44. hxg5+ hxg5 45. b3 Nc5 46. Bf3 Ke5 47. Rc4 a5 48. Kc3 Rh8 49. b4 axb4+ 50. Kxb4 Rh2 0-1

[Event "GER-chT11-B1 email"]
[Site "GER email"]
[Date "2015.10.15"]
[Round "?.1"]
[White "Schoen, Werner"]
[Black "Windhausen, Georg"]
[Result "1/2-1/2"]
[WhiteElo "2444"]
[BlackElo "2520"]
[PlyCount "61"]
[EventDate "2015.??.??"]
[EventType "tourn (corr)"]
[EventRounds "8"]
[EventCountry "GER"]
[SourceTitle "Corr 2017"]
[Source "ChessBase"]
[SourceDate "2017.09.19"]
[SourceVersion "1"]
[SourceVersionDate "2017.09.19"]
[SourceQuality "1"]
[WhiteTeam "ChessBaseUserClub"]
[BlackTeam "RSK Moers"]

1. e4 c5 2. Nf3 Nc6 3. Bb5 g6 4. 0-0 Bg7 5. Bxc6 bxc6 6. Re1 Nh6 7. c3 0-0 8. h3 f5 9. e5 Nf7 10. d3 Ba6 11. c4 d6 12. e6 Ne5 13. Nxe5 Bxe5 14. Nd2 Bc8 15. Nf3 Bg7 16. Rb1 h6 17. b3 a5 18. Bb2 Bxb2 19. Rxb2 Rf6 20. d4 cxd4 21. Nxd4 Qb6 22. Rd2 Bb7 23. Ne2 c5 24. Nf4 Kh7 25. h4 Qd8 26. Re3 Qh8 27. Rh3 Bc6 28. a4 Rg8 29. Rdd3 Rff8 30. h5 g5 31. Ng6 1/2-1/2

[Event "Remote-ch 1415 email"]
[Site "Remote email"]
[Date "2014.03.02"]
[Round "?"]
[White "Schoen, Werner"]
[Black "Hirsch, Hanns Rainer"]
[Result "1/2-1/2"]
[WhiteElo "2482"]
[BlackElo "2206"]
[PlyCount "68"]
[EventDate "2014.??.??"]
[EventType "tourn (corr)"]
[EventRounds "8"]
[EventCountry "GER"]
[SourceTitle "Corr 2015"]
[Source "ChessBase"]
[SourceDate "2015.07.17"]
[SourceVersion "1"]
[SourceVersionDate "2015.07.17"]
[SourceQuality "1"]

1. e4 e5 2. Nf3 Nc6 3. Bb5 Nf6 4. d3 d6 5. c3 a6 6. Ba4 Be7 7. Nbd2 b5 8. Bc2 h6 9. 0-0 0-0 10. Re1 Re8 11. d4 Bf8 12. h3 Bb7 13. a3 d5 14. dxe5 Nxe5 15. Nxe5 Rxe5 16. Nf3 Re8 17. e5 Ne4 18. Bf4 c5 19. Qe2 f5 20. Rad1 g5 21. Bh2 Qb6 22. Nd2 c4 23. Nf3 Bg7 24. h4 g4 25. Nd4 Qg6 26. a4 bxa4 27. Bxa4 Re7 28. Qe3 Rf8 29. Ne2 Bxe5 30. Bxe5 Rxe5 31. Nf4 Qf6 32. Qd4 Rf7 33. g3 Rfe7 34. Re3 Qg7 1/2-1/2

[Event "Remote-ch 1112 email"]
[Site "Remote email"]
[Date "2011.06.22"]
[Round "?"]
[White "Hirsch, Hanns Rainer"]
[Black "Schoen, Werner"]
[Result "1/2-1/2"]
[WhiteElo "2199"]
[BlackElo "2487"]
[PlyCount "44"]
[EventDate "2011.??.??"]
[EventType "tourn (corr)"]
[EventRounds "9"]
[EventCountry "GER"]
[SourceTitle "Corr 2015"]
[Source "ChessBase"]
[SourceDate "2015.07.17"]
[SourceVersion "1"]
[SourceVersionDate "2015.07.17"]
[SourceQuality "1"]

1. c4 Nf6 2. d4 c5 3. d5 e6 4. Nf3 exd5 5. cxd5 d6 6. Nc3 g6 7. e4 Bg7 8. h3 0-0 9. Bd3 b5 10. Nxb5 Re8 11. Nd2 Nxd5 12. Nc4 Re6 13. Be2 Nc7 14. Nbxd6 Ba6 15. Bf4 Nc6 16. 0-0 Ne8 17. Nxe8 Qxe8 18. Qc1 Nd4 19. Re1 Rd8 20. e5 Bxe5 21. Bxe5 Nxe2+ 22. Rxe2 Bxc4 1/2-1/2

[Event "Remote-ch 1112 email"]
[Site "Remote email"]
[Date "2011.06.22"]
[Round "?"]
[White "Oechslein, Rainer"]
[Black "Schoen, Werner"]
[Result "1/2-1/2"]
[WhiteElo "2423"]
[BlackElo "2487"]
[PlyCount "50"]
[EventDate "2011.??.??"]
[EventType "tourn (corr)"]
[EventRounds "9"]
[EventCountry "GER"]
[SourceTitle "Corr 2015"]
[Source "ChessBase"]
[SourceDate "2015.07.17"]
[SourceVersion "1"]
[SourceVersionDate "2015.07.17"]
[SourceQuality "1"]

1. e4 e5 2. Nf3 Nc6 3. Bb5 a6 4. Ba4 d6 5. c3 f5 6. exf5 Bxf5 7. 0-0 Bd3 8. Re1 Be7 9. Qb3 b5 10. Qd5 Qd7 11. Qxd3 bxa4 12. Qc2 Nf6 13. d3 0-0 14. Nbd2 Rae8 15. Qxa4 d5 16. h3 Bd6 17. a3 h6 18. b4 Nh5 19. c4 e4 20. dxe4 dxe4 21. Rxe4 Rxe4 22. Nxe4 Rxf3 23. gxf3 Be5 24. Ra2 Qxh3 25. Qxc6 Bh2+ 1/2-1/2

[Event "Remote-ch 1112 email"]
[Site "Remote email"]
[Date "2011.06.22"]
[Round "?"]
[White "Schoen, Werner"]
[Black "Gutermuth, Christian"]
[Result "1-0"]
[WhiteElo "2487"]
[BlackElo "2188"]
[PlyCount "95"]
[EventDate "2011.??.??"]
[EventType "tourn (corr)"]
[EventRounds "9"]
[EventCountry "GER"]
[SourceTitle "Corr 2015"]
[Source "ChessBase"]
[SourceDate "2015.07.17"]
[SourceVersion "1"]
[SourceVersionDate "2015.07.17"]
[SourceQuality "1"]

1. e4 e5 2. Nf3 Nc6 3. Bb5 a6 4. Ba4 Nf6 5. 0-0 Bd6 6. Re1 0-0 7. c3 Re8 8. d4 b5 9. Bc2 Bb7 10. Nbd2 h6 11. h3 Bf8 12. dxe5 Nxe5 13. Nxe5 Rxe5 14. f4 Re8 15. e5 Nd5 16. Nf3 Bc5+ 17. Kh2 Ne7 18. f5 d6 19. e6 Nd5 20. Bb3 c6 21. Nd4 Bxd4 22. Qxd4 fxe6 23. fxe6 Qe7 24. Qd3 Bc8 25. Bxh6 Kh8 26. Bc2 gxh6 27. Qg6 Nf6 28. Qxh6+ Nh7 29. Rf1 Bxe6 30. Rae1 Qd7 31. Bxh7 Qxh7 32. Rxe6 Qxh6 33. Rxh6+ Kg7 34. Rxd6 Re2 35. Rd7+ Kg6 36. Rdf7 Re6 37. g4 Rae8 38. h4 Re2+ 39. Kg3 R8e3+ 40. R1f3 Rxf3+ 41. Rxf3 Rxb2 42. h5+ Kh7 43. g5 Kg8 44. h6 Rd2 45. Rf6 Rd3+ 46. Kg4 b4 47. cxb4 Rc3 48. Kf5 1-0

[Event "Remote-ch 1112 email"]
[Site "Remote email"]
[Date "2011.06.22"]
[Round "?"]
[White "Schoen, Werner"]
[Black "Neuburger, Eduard"]
[Result "1-0"]
[WhiteElo "2487"]
[BlackElo "2209"]
[PlyCount "127"]
[EventDate "2011.??.??"]
[EventType "tourn (corr)"]
[EventRounds "9"]
[EventCountry "GER"]
[SourceTitle "Corr 2015"]
[Source "ChessBase"]
[SourceDate "2015.07.17"]
[SourceVersion "1"]
[SourceVersionDate "2015.07.17"]
[SourceQuality "1"]

1. e4 c6 2. d4 d5 3. e5 Bf5 4. Nf3 e6 5. Be2 Nd7 6. 0-0 Ne7 7. Nbd2 Ng6 8. Nb3 Nh4 9. Nxh4 Qxh4 10. Be3 Be7 11. Nd2 Nb6 12. a4 a5 13. Nf3 Qe4 14. Ne1 h5 15. h3 Bd8 16. Bd3 Qh4 17. Nf3 Qe7 18. Bg5 Qd7 19. Bxd8 Qxd8 20. Bxf5 exf5 21. Re1 Qe7 22. Qd2 Nc4 23. Qc1 Nb6 24. Ng5 0-0-0 25. Qf4 g6 26. e6 fxe6 27. Rxe6 Qc7 28. Qf3 Nc4 29. Rxg6 Qd7 30. b3 Nd6 31. Re1 Ne4 32. Qf4 Rdg8 33. Rxg8+ Rxg8 34. h4 Re8 35. f3 Nd6 36. Rxe8+ Nxe8 37. Qe5 Ng7 38. Kf2 b5 39. Qf6 bxa4 40. bxa4 Kb7 41. Nf7 Ne8 42. Qg6 Qe7 43. Ne5 Qxh4+ 44. Ke2 Nc7 45. Nxc6 Qh1 46. Nxa5+ Ka7 47. Nc6+ Kb7 48. Ne7 Qb1 49. Qxf5 Ka7 50. Qg6 Qh1 51. a5 Qb1 52. Qc6 Qb5+ 53. Qxb5 Nxb5 54. Kd3 Ka6 55. Nxd5 Kxa5 56. c4 Nd6 57. c5 Nb7 58. Kc4 Nd8 59. Nc7 h4 60. d5 Nf7 61. f4 Nd8 62. d6 Ka4 63. d7 Nc6 64. Ne6 1-0